Conformity and conflict : (Record no. 1596)

MARC details
000 -LEADER
fixed length control field 00870nac a22002411u 4500
010 ## - LIBRARY OF CONGRESS CONTROL NUMBER
LC control number 2005045893
020 ## - INTERNATIONAL STANDARD BOOK NUMBER
International Standard Book Number 0205449700 (paperbound)
035 ## - SYSTEM CONTROL NUMBER
System control number (OCoLC)ocm58526325
082 00 - DEWEY DECIMAL CLASSIFICATION NUMBER
Classification number 306
Item number S7664
090 ## - LOCALLY ASSIGNED LC-TYPE CALL NUMBER (OCLC); LOCAL CALL NUMBER (OCLC)
-- 1596
-- 1596
100 ## - MAIN ENTRY--PERSONAL NAME
Personal name 20080729
245 00 - TITLE STATEMENT
Title Conformity and conflict :
Remainder of title readings in cultural anthropology /
Statement of responsibility, etc [edited by] James Spradley, David W. McCurdy.
250 ## - EDITION STATEMENT
Edition statement 12th ed.
260 ## - PUBLICATION, DISTRIBUTION, ETC. (IMPRINT)
Place of publication, distribution, etc Boston :
Name of publisher, distributor, etc Pearson/Allyn and Bacon,
Date of publication, distribution, etc c2006.
300 ## - PHYSICAL DESCRIPTION
Extent xvii, 462 p. :
Other physical details ill., 1 map ;
Dimensions 24 cm.
500 ## - GENERAL NOTE
General note Includes index.
650 #0 - SUBJECT ADDED ENTRY--TOPICAL TERM
Topical term or geographic name as entry element Ethnology.
650 #0 - SUBJECT ADDED ENTRY--TOPICAL TERM
Topical term or geographic name as entry element Anthropology.
700 1# - ADDED ENTRY--PERSONAL NAME
Personal name Spradley, James P.
700 1# - ADDED ENTRY--PERSONAL NAME
Personal name McCurdy, David W.
942 ## - ADDED ENTRY ELEMENTS (KOHA)
Item type Book - Borrowing
Call number prefix 306S7664
Holdings
Withdrawn status Item status Source of classification or shelving scheme Damaged status Not for loan Vendor Home library Current library Shelving location Date acquired Source of acquisition Cost, normal purchase price Total Checkouts Total Renewals Full call number Barcode Date last seen Date last borrowed Cost, replacement price Koha item type
    Dewey Decimal Classification       Central Library Central Library First floor 06/11/2007   240.00 7 18 306 CON 000002752 15/07/2025 26/03/2019 300.00 Book - Borrowing